[Event "Nakhchivan 100th Ann Rep op"]
[Site "Nakhchivan"]
[Date "2024.01.11"]
[Round "3"]
[White "Hasanzade, Toghrul Qasim Oglu"]
[Black "Gulumov, Muthat"]
[Result "1-0"]
[WhiteElo "2329"]
[BlackElo "1843"]
[PlyCount "123"]
[EventDate "2024.01.10"]
[EventType "swiss"]
[EventRounds "9"]
[EventCountry "AZE"]
[SourceTitle "CB03_2024"]
[SourceDate "2024.01.17"]
[SourceVersion "1"]
[SourceVersionDate "2024.01.17"]
[SourceQuality "1"]

1. e4 c5 2. Nf3 e6 3. c3 d5 4. exd5 exd5 5. d4 Nc6 6. Bb5 Bd6 7. dxc5 Bxc5 8. 0-0 Nge7 9. Nbd2 0-0 10. Nb3 Bb6 11. h3 Qd6 12. Bd3 Ng6 13. Nbd4 Nxd4 14. Nxd4 Ne5 15. Bf4 Bc7 16. Nb5 Nf3+ 17. Qxf3 Qxf4 18. Nxc7 Qxc7 19. Qxd5 Be6 20. Qf3 Rad8 21. Rfd1 Rd6 22. b3 Rfd8 23. c4 b6 24. Bc2 Rxd1+ 25. Rxd1 Rxd1+ 26. Qxd1 g6 27. Be4 Qe5 28. Bf3 Qb2 29. Qe2 Qa1+ 30. Kh2 Kg7 31. Qd2 Qe5+ 32. g3 Qa1 33. Kg2 h5 34. Bd5 Qe5 35. Bxe6 Qe4+ 36. Kg1 Qxe6 37. Qd4+ Qf6 38. Qxf6+ Kxf6 39. Kf1 Ke5 40. Ke2 Kd4 41. Kd2 g5 42. Kc2 g4 43. h4 Ke4 44. Kc3 Kf3 45. b4 Kxf2 46. c5 bxc5 47. bxc5 Kxg3 48. c6 Kh2 49. c7 g3 50. c8Q g2 51. Qc7+ Kh1 52. Qc6 Kh2 53. Qd6+ Kh1 54. Qd5 Kh2 55. Qe5+ Kh1 56. Qe4 Kh2 57. Qf4+ Kh1 58. Qf3 Kh2 59. Qf2 Kh1 60. Qxa7 f5 61. Qb7 f4 62. Qf3 1-0

[Event "Mersin op-B 7th"]
[Site "Mersin"]
[Date "2023.11.15"]
[Round "5"]
[White "Gulumov, Muthat"]
[Black "Mahmudzade, Yunis"]
[Result "1-0"]
[WhiteElo "1889"]
[BlackElo "1644"]
[PlyCount "153"]
[EventDate "2023.11.12"]
[EventType "swiss"]
[EventRounds "9"]
[EventCountry "TUR"]
[SourceTitle "CB49_2023"]
[SourceDate "2023.12.06"]
[SourceVersion "1"]
[SourceVersionDate "2023.12.06"]
[SourceQuality "1"]

1. e4 c5 2. Nf3 Nc6 3. Bc4 d6 4. 0-0 g6 5. c3 Bg7 6. h3 Nf6 7. Qe2 0-0 8. Bb3 Nd7 9. d3 Nb6 10. Be3 e6 11. Nbd2 Re8 12. Nh2 Qe7 13. f4 d5 14. e5 Rd8 15. Bf2 Bd7 16. Ndf3 Qf8 17. Bh4 Ne7 18. Ng4 Rdc8 19. Nf6+ Kh8 20. Bc2 Nf5 21. Bf2 Be8 22. g4 Ne7 23. Kg2 Nd7 24. Bh4 Ng8 25. Nxg8 Kxg8 26. d4 cxd4 27. Nxd4 Qc5 28. Rae1 b5 29. a3 a5 30. Qxb5 Qxb5 31. Nxb5 Nb6 32. Nd6 Rc7 33. Bf2 Nc4 34. Nxc4 dxc4 35. Be4 Rb8 36. Re2 Bc6 37. Bxc6 Rxc6 38. Rd1 h6 39. Rd7 Bf8 40. Ra7 Bc5 41. Rxa5 Bxf2 42. Rxf2 Rd8 43. Ra4 Rd3 44. Re2 Rc8 45. Rb4 h5 46. a4 h4 47. a5 Rg3+ 48. Kh2 Ra8 49. Ra4 Rf3 50. Rxc4 Rxa5 51. Rd2 Ra1 52. b4 Re1 53. b5 Rff1 54. b6 Rh1+ 55. Kg2 Ref1 56. Rf2 Rfg1+ 57. Kf3 Rxh3+ 58. Ke4 Rb1 59. Rd2 Rhh1 60. Rb4 Rxb4+ 61. cxb4 Rb1 62. Kd4 Rxb4+ 63. Kc5 Rb3 64. Rc2 h3 65. Kc6 g5 66. fxg5 Kg7 67. b7 Kg6 68. Kc7 Kxg5 69. b8Q Rxb8 70. Kxb8 f6 71. exf6 Kxf6 72. Rh2 Kg5 73. Rxh3 Kxg4 74. Re3 Kf5 75. Kc7 e5 76. Kd6 e4 77. Kd5 1-0

[Event "Mersin op-B 7th"]
[Site "Mersin"]
[Date "2023.11.15"]
[Round "6"]
[White "Gulumov, Muthat"]
[Black "Unsal, Gorkem"]
[Result "0-1"]
[WhiteElo "1889"]
[BlackElo "1812"]
[PlyCount "93"]
[EventDate "2023.11.12"]
[EventType "swiss"]
[EventRounds "9"]
[EventCountry "TUR"]
[SourceTitle "CB49_2023"]
[SourceDate "2023.12.06"]
[SourceVersion "1"]
[SourceVersionDate "2023.12.06"]
[SourceQuality "1"]

1. e4 c5 2. Nf3 Nc6 3. Bc4 e6 4. 0-0 d5 5. Bb5 Bd6 6. e5 Bc7 7. Bxc6+ bxc6 8. d3 Ne7 9. b3 Ng6 10. Re1 Ba5 11. Bd2 0-0 12. Bxa5 Qxa5 13. Qd2 Qc7 14. c3 Bd7 15. d4 f6 16. Qe3 cxd4 17. cxd4 fxe5 18. Nxe5 Nxe5 19. Qxe5 Qxe5 20. dxe5 c5 21. Nd2 Rac8 22. Rac1 Rc7 23. Rc2 Rfc8 24. Rec1 Kf7 25. f4 Ke7 26. Kf2 a5 27. a3 Kd8 28. Ke3 a4 29. Rb2 axb3 30. Rxb3 c4 31. Rbc3 Rb7 32. Nf3 Ke7 33. Nd4 Rb2 34. R3c2 Rcb8 35. Kd2 Ba4 36. Kc3 Bxc2 37. Nc6+ Kd7 38. Nxb8+ Rxb8 39. Kxc2 Kc6 40. Rb1 Rf8 41. g3 g5 42. Rf1 d4 43. a4 Kd5 44. a5 gxf4 45. gxf4 Rg8 46. a6 Rg2+ 47. Kb1 0-1

[Event "Mersin op-B 7th"]
[Site "Mersin"]
[Date "2023.11.14"]
[Round "4"]
[White "Ciblakbas, Sertan"]
[Black "Gulumov, Muthat"]
[Result "1/2-1/2"]
[WhiteElo "1761"]
[BlackElo "1889"]
[PlyCount "63"]
[EventDate "2023.11.12"]
[EventType "swiss"]
[EventRounds "9"]
[EventCountry "TUR"]
[SourceTitle "CB49_2023"]
[SourceDate "2023.12.06"]
[SourceVersion "1"]
[SourceVersionDate "2023.12.06"]
[SourceQuality "1"]

1. d4 d5 2. Nf3 Nf6 3. Bf4 e6 4. e3 Bd6 5. Bg3 0-0 6. Nbd2 c5 7. c3 b6 8. Bd3 Bb7 9. 0-0 Qc7 10. Qc2 Bxg3 11. hxg3 Nbd7 12. Rfe1 e5 13. dxe5 Nxe5 14. Nxe5 Qxe5 15. e4 c4 16. Be2 Nxe4 17. Nxe4 dxe4 18. Bxc4 Rac8 19. Bb3 Rcd8 20. Rad1 h6 21. Qe2 Qc5 22. Qe3 Qc6 23. Rxd8 Rxd8 24. Rd1 Rxd1+ 25. Bxd1 Qe6 26. Bb3 Bd5 27. Bxd5 Qxd5 28. b3 Qd1+ 29. Kh2 Qc2 30. b4 f5 31. Qd4 Qxa2 32. c4 1/2-1/2